Technologie des voitures électriques : Motorisations, batteries, hydrogène, interactions réseau (notice n° 2009399)

détails MARC
000 -LEADER
fixed length control field 01782cam a2200217 4500500
005 - DATE AND TIME OF LATEST TRANSACTION
control field 20260329055133.0
041 ## - LANGUAGE CODE
Language code of text/sound track or separate title fre
042 ## - AUTHENTICATION CODE
Authentication code dc
100 10 - MAIN ENTRY--PERSONAL NAME
Personal name Juton, Anthony
Relator term author
245 00 - TITLE STATEMENT
Title Technologie des voitures électriques : Motorisations, batteries, hydrogène, interactions réseau
260 ## - PUBLICATION, DISTRIBUTION, ETC.
Name of publisher, distributor, etc. Dunod,<br/>
Date of publication, distribution, etc. 2021.<br/>
520 ## - SUMMARY, ETC.
Summary, etc. L’électrification des véhicules ainsi que les fonctions d’autonomie partielle ou complète sont aujourd’hui l’objet de toutes les innovations des constructeurs automobiles. Rarement l’histoire aura vu une filière industrielle effectuer une mutation aussi rapide, renonçant à une prédominance de la motorisation thermique au profit de la motorisation électrique et aux systèmes informatiques embarqués. Fruit du travail d’une équipe de chercheurs, enseignants et ingénieurs, cet ouvrage présente les spécificités essentielles des différents organes de motorisation d’un véhicule électrique, ainsi que les notions fondamentales de génie électrique associées : les moteurs, l’électronique de puissance, les batteries, les chargeurs, les interactions avec le réseau électrique et la technologie de la pile à combustible. Il vise ainsi à accompagner cette mutation des compétences nécessaires dans l’industrie automobile, tout en évoquant les innovations à venir dans le domaine.
700 10 - ADDED ENTRY--PERSONAL NAME
Personal name Rain, Xavier
Relator term author
700 10 - ADDED ENTRY--PERSONAL NAME
Personal name Sauvant-Moynot, Valérie
Relator term author
700 10 - ADDED ENTRY--PERSONAL NAME
Personal name Orsini, François
Relator term author
700 10 - ADDED ENTRY--PERSONAL NAME
Personal name Saber, Christelle
Relator term author
700 10 - ADDED ENTRY--PERSONAL NAME
Personal name Bacha, Seddik
Relator term author
700 10 - ADDED ENTRY--PERSONAL NAME
Personal name Béthoux, Olivier
Relator term author
700 10 - ADDED ENTRY--PERSONAL NAME
Personal name Labouré, Éric
Relator term author
856 41 - ELECTRONIC LOCATION AND ACCESS
Uniform Resource Identifier <a href="https://stm.cairn.info/technologies-des-voitures-electriques--9782100818068?lang=fr&redirect-ssocas=7080">https://stm.cairn.info/technologies-des-voitures-electriques--9782100818068?lang=fr&redirect-ssocas=7080</a>

Pas d'exemplaire disponible.

PLUDOC

PLUDOC est la plateforme unique et centralisée de gestion des bibliothèques physiques et numériques de Guinée administré par le CEDUST. Elle est la plus grande base de données de ressources documentaires pour les Étudiants, Enseignants chercheurs et Chercheurs de Guinée.

Adresse

627 919 101/664 919 101

25 boulevard du commerce
Kaloum, Conakry, Guinée

Réseaux sociaux

Powered by Netsen Group @ 2025